000 01432cam a2200205 a 4500
999 _c5537
_d5537
020 _a9781429216326
020 _a1429216328
050 0 0 _aR726.
_b.St8
100 1 _aStraub, Richard O.
245 1 0 _aHealth psychology :
_ba biopsychosocial approach /
_cRichard O. Straub.
250 _a3rd ed.
260 _aNew York, NY :
_bWorth Publishers,
_cc2012.
300 _a1 v. (various pagings) :
_bill. ;
_c24 cm.
500 _aIncludes bibliographical references and index
505 _aPART I: FOUNDATIONS OF HEALTH PSYCHOLOGY Chapter 1. Introducing Health Psychology Chapter 2. Research in Health Psychology Chapter 3. Biological Foundations of Health and Illness PART II:STRESS AND HEALTH Chapter 4. Stress Chapter 5. Coping with Stress PART III: BEHAVIOR AND HEALTH Chapter 6. Staying Healthy: Primary Prevention and Positive Psychology Chapter 7. Nutrition, Obesity, and Eating Disorders Chapter 8. Substance Abuse PART IV: CHRONIC AND LIFE-THREATENING ILLNESSES Chapter 9. Cardiovascular Disease and Diabetes Chapter 10. Cancer Chapter 11. HIV and AIDS PART V: SEEKING TREATMENT Chapter 12. The role of Health Psychology in Health Care settings Chapter 13. Managing Pain Chapter 14. Complementary and Alternative Medicine Chapter 15. Health Psychology Today and Tomorrow
650 0 _aClinical health psychology.
650 0 _aHealth behavior.
650 0 _aSocial medicine.
942 _cBK